| 000 | 00999cab a2200253 4500 | ||
|---|---|---|---|
| 001 | ABS37398 | ||
| 008 | 090401t1987 xxu||||| |||| 00| 0 eng d | ||
| 035 | _a(Sirsi) u4132 | ||
| 041 | _aeng | ||
| 100 | _aTinker, A. | ||
| 245 | _aCo-operative housing - interim results of a DOE national study | ||
| 260 | _c1987 | ||
| 350 | _a0 | ||
| 490 |
_aHousing Review _v36(1) January-February 1987, 13-16(4) |
||
| 520 | _aThis article sets out the preliminary findings of research carried out by the DOE on co-operative housing . Gives details of the age and location of co-operatives, ownership and type of property, the kind of people living in them and how they are run. Concludes with results of interviews given by people living and working in co-operatives. Tables. | ||
| 650 | _aHOUSING CO OPERATIVES | ||
| 650 | _aHOUSING MANAGEMENT | ||
| 690 |
_aBlock management _96220 |
||
| 700 | _aDodd, P. | ||
| 700 | _aMcCafferty, P. | ||
| 700 | _aDougall, S. | ||
| 942 | _n0 | ||
| 948 | _c04/03/1997 | ||
| 999 |
_c2471 _d2471 |
||